000 00700cam a22002294a 4500
001 16328032
005 20171214044422.0
008 100712s2010 nyua 001 0 eng
010 _a 2010026379
020 _a9780307719164
040 _aDLC
_cDLC
_dDLC
041 _aeng
043 _an-us---
080 _a641.5973 FLA
082 0 0 _a641.5973 FLA
_222
100 1 _a10
101 _aNUT
245 1 0 _aBobby Flay's Throwdown! :
_cBobby Flay ; with Stephanie Banyas and Miriam Garron.
906 _a7
_bcbc
_corignew
_d1
_eecip
_f20
_gy-gencatlg
942 _2ddc
_cBK
999 _c38922
_d38922